01059cam a22002771 4500001001300000003000400013005001700017008004100034010001700075035001900092040002600111042001200137050002300149082001200172110002900184245012300213260004800336300008800384410002500472500014100497504002900638650003000667650002200697700004500719999001700764gs 60000172 DLC20260227111409.0771011s1959 dcuab b f000 0 eng  ags 60000172  a(OCoLC)3332543 aDLCcOClUdOCoLCdDLC apremarc00aQE75b.B9 no. 1055 a553.4932 aGeological Survey (U.S.)10aUranium in coal in the Western United States.cBased on the joint and individual work of Norman M. Denson [and others] aWashington,bU.S. Govt. Print. Off.,c1959. a315 p.billus., maps and portfolio (45 fold. plates (incl. maps,part col.))c23 cm.11aIts.tBulletinv1055 a"This report concerns work done on behalf of the U. S. Atomic Energy Commission and is published with the permission of the Commission." aIncludes bibliographies. 0aUranium oreszWest (U.S.) 0aCoalzWest (U.S.)1 aDenson, N. M.q(Norman MacLaren),d1914- c29432d29432